000 00472nam a2200181Ia 4500
005 20250508164057.0
008 008 250505s9999 xx 000 0 eng d
037 _aTextual
040 _aFEDL
_beng
_cFEDL
041 _aeng
_2eng
084 _a823, LAX
_qFEDL
100 _aLaxman R K
_9777237
245 0 _aDistorted mirror stories, travelogues, sketches
260 _c2003
300 _a160p.
942 _cTEXL
_h823, LAX
999 _c1386929
_d1386929